00370 a2200097 4500001001000000005001700010008004100027245011300068100002000181773007100201ART_5751320260410162030.0260409a 10aEl “jubilado-deudor-consumidor”, la protección de sus intereses económicos y la seguridad jurídica1 aRossi, Jorge O.0 tTemas de derecho procesalg- Año 6, N° 12 (dic. 2022)wREV44095